Найдавніші описи Острозької волості як джерело з соціально-економічної історії (Запис № 459002)

МАРК-запис
000 -Лідер
fixed length control field 00846caa a2200205 4500
001 - Контрольний номер
control field 216216977
003 - Ідентифікатор контрольного номера
control field UA-OsUOA
005 - Дата та час останнього входження (трансакції)
control field 20200427220010.0
008 - Елементи даних фіксованої довжини – загальна інформація
fixed length control field 200427b un ||||| |||| 00| 0 ukr d
040 ## - Джерело каталогізації
Агенція оригінальної каталогізації UA-OsUOA
Мова каталогізації ukr
Агенція, яка здійснювала перезапис UA-OsUOA
Агенція, яка здійснювала модифікацію UA-OsUOA
041 ## - Код мови
Код мови тексту/ звукової доріжки чи окремого заголовка (П) ukr
080 ## - Індекс Універсальної десяткової класифікації
Індекс Універсальної десяткової класифікації (УДК) (НП) 908
090 ## - Локальний шифр розміщення
Класифікаційний індекс УДК 908
100 ## - Основне введення – ім’я особи
Ім’я особи (НП) Атаманенко В.
245 ## - Відомості про назву
Назва (НП) Найдавніші описи Острозької волості як джерело з соціально-економічної історії
Дані про відповідальність (НП) В. Атаманенко
300 ## - Фізичний опис
Обсяг С. 44–83
650 ## - Додаткове предметне введення – тематичний термін
Джерело заголовка чи терміна UDC
773 0# - Введення хост-одиниці (П)
Бібліонома 322642
Host Itemnumber 343467
Місце, видавець та дата видання (НП) К. Інститут укр. археографії та джерелознавства ім. грушевського НАН України 2005
Інший ідентифікатор одиниці опису 94243
Назва (НП) Наукові записки
Контрольний номер запису (П) (UA-OsUOA) 36403
Міжнародний стандартний книжковий номер (ISBN) 966-02-3571-2
942 ## - Додаткові елементи входу (Коха)
Source of classification or shelving scheme Universal Decimal Classification
Тип елемента Koha Складова частина документа

Немає доступних примірників.